[Event "Summer Prague Open 2019 - B"]
[Site "Olympik hotel, Sokolovska 138,"]
[Date "2019.08.06"]
[Round "6"]
[White "Soural, Karel"]
[Black "Vora, Tanish"]
[Result "1/2-1/2"]
[WhiteElo "1923"]
[BlackElo "1799"]
[PlyCount "35"]
[EventDate "2019.08.02"]

1. e4 e6 2. d4 d5 3. exd5 exd5 4. Bd3 Bd6 5. c3 c6 6. Ne2 Nf6 7. Ng3 O-O 8. O-O
Re8 9. Bg5 h6 10. Bxf6 Qxf6 11. Nd2 Be6 12. Qc2 Qd8 13. Nf5 Bxf5 14. Bxf5 Nd7
15. Rae1 Qc7 16. g3 Nf6 17. Nf3 Rad8 18. Rxe8+ 1/2-1/2

[Event "Summer Prague Open 2019 - B"]
[Site "Olympik hotel, Sokolovska 138,"]
[Date "2019.08.06"]
[Round "6"]
[White "Stern, Philipp"]
[Black "Guggenheim, Hans"]
[Result "1-0"]
[WhiteElo "1853"]
[BlackElo "1847"]
[PlyCount "85"]
[EventDate "2019.08.02"]

1. e4 c5 2. Nf3 g6 3. d4 cxd4 4. Nxd4 Nc6 5. c4 Bg7 6. Be3 Nf6 7. Nc3 d6 8. Be2
O-O 9. O-O Bd7 10. h3 Nxd4 11. Bxd4 Bc6 12. f3 a5 13. Qd2 Nd7 14. Bxg7 Kxg7 15.
Qd4+ f6 16. Rad1 Qb6 17. Qxb6 Nxb6 18. Nd5 Bxd5 19. cxd5 Rfc8 20. Rc1 Na4 21.
Bb5 Nc5 22. b3 f5 23. exf5 gxf5 24. Rc4 Rf8 25. a3 Nxb3 26. Rc7 Rf7 27. Rxb7
Nc5 28. Rc7 Kf6 29. Bc6 Ra6 30. Rb1 e5 31. Rc8 e4 32. fxe4 fxe4 33. Rf1+ Kg7
34. Rxf7+ Kxf7 35. Rc7+ Kg6 36. Be8+ Kh6 37. h4 Ra8 38. Re7 Rb8 39. g4 Rb1+ 40.
Kg2 Rb2+ 41. Kf1 Rb1+ 42. Ke2 Rb2+ 43. Kd1 1-0

[Event "Summer Prague Open 2019 - B"]
[Site "Olympik hotel, Sokolovska 138,"]
[Date "2019.08.06"]
[Round "6"]
[White "Kastner, Oldrich"]
[Black "Schultz, Bernfried"]
[Result "1-0"]
[WhiteElo "2033"]
[BlackElo "1705"]
[PlyCount "51"]
[EventDate "2019.08.02"]

1. Nf3 f5 2. g3 Nf6 3. Bg2 d6 4. d4 e6 5. O-O Be7 6. b3 O-O 7. c4 a5 8. Nc3 Na6
9. Bb2 c5 10. e3 cxd4 11. exd4 Qe8 12. Re1 Qh5 13. Qd2 h6 14. Qe2 Ng4 15. h3
Nf6 16. Nh4 Qf7 17. Nxf5 exf5 18. Qxe7 Nb4 19. Rad1 Ne4 20. Qxf7+ Rxf7 21. Nxe4
fxe4 22. Bxe4 Bxh3 23. a3 d5 24. Bh1 Raf8 25. f4 Bg4 26. Rd2 1-0

[Event "Summer Prague Open 2019 - B"]
[Site "Olympik hotel, Sokolovska 138,"]
[Date "2019.08.06"]
[Round "6"]
[White "Svetly, Jiri"]
[Black "Aure, Anders Nilsson"]
[Result "1/2-1/2"]
[WhiteElo "1871"]
[BlackElo "1742"]
[PlyCount "91"]
[EventDate "2019.08.02"]

1. d4 Nf6 2. c4 g6 3. Nc3 d5 4. Bg5 dxc4 5. e4 Bg7 6. Bxc4 c5 7. d5 Qa5 8. Bd2
O-O 9. e5 Ng4 10. f4 a6 11. h3 Nh6 12. g4 Qc7 13. a4 Nd7 14. Nf3 b5 15. axb5
Nb6 16. Bd3 Rd8 17. bxa6 c4 18. Be4 Rxa6 19. Rxa6 Bxa6 20. Be3 Bb7 21. Bxb6
Qxb6 22. Qd4 Qxb2 23. O-O Qa3 24. Rb1 Bxd5 25. Nxd5 e6 26. Ra1 Qf8 27. Qxc4
exd5 28. Bxd5 Rc8 29. Qd4 Qc5 30. Qxc5 Rxc5 31. Ra8+ Bf8 32. Ba2 Rc3 33. Kg2
Ra3 34. Rxa3 Bxa3 35. e6 fxe6 36. Ng5 Be7 37. Nxe6 Nf7 38. Ng5 Bxg5 39. fxg5
Kg7 40. Bxf7 Kxf7 41. Kf3 Ke7 42. Kf4 Kd6 43. h4 Ke6 44. Ke4 Kd6 45. h5 Ke6 46.
hxg6 1/2-1/2

[Event "Summer Prague Open 2019 - B"]
[Site "Olympik hotel, Sokolovska 138,"]
[Date "2019.08.06"]
[Round "6"]
[White "Lee, Zhia Chen Zachary"]
[Black "Klimek, Petr"]
[Result "1/2-1/2"]
[WhiteElo "1747"]
[BlackElo "1852"]
[PlyCount "22"]
[EventDate "2019.08.02"]

1. c4 d6 2. Nc3 Nf6 3. Nf3 Nbd7 4. g3 e5 5. d4 Be7 6. Bg2 c6 7. e4 O-O 8. O-O
Qc7 9. h3 exd4 10. Nxd4 Re8 11. Be3 Bf8 1/2-1/2

[Event "Summer Prague Open 2019 - B"]
[Site "Olympik hotel, Sokolovska 138,"]
[Date "2019.08.06"]
[Round "6"]
[White "Mars, Fiona"]
[Black "Dharani, Srinivas K B"]
[Result "1/2-1/2"]
[WhiteElo "1842"]
[BlackElo "1690"]
[PlyCount "35"]
[EventDate "2019.08.02"]

1. Nf3 Nf6 2. e3 g6 3. b3 Bg7 4. Bb2 O-O 5. Be2 c5 6. O-O Nc6 7. d4 cxd4 8.
Nxd4 Nxd4 9. Bxd4 d6 10. Nd2 Bd7 11. c4 a6 12. Bf3 Bc6 13. Bxc6 bxc6 14. c5
dxc5 15. Bxc5 Nd5 16. Bd4 Nc3 17. Qe1 Bxd4 18. exd4 1/2-1/2

[Event "Summer Prague Open 2019 - B"]
[Site "Olympik hotel, Sokolovska 138,"]
[Date "2019.08.06"]
[Round "6"]
[White "Lang, Anders"]
[Black "Lambers, Gabriel"]
[Result "1-0"]
[WhiteElo "1790"]
[BlackElo "1675"]
[PlyCount "53"]
[EventDate "2019.08.02"]

1. e4 c5 2. c3 d5 3. exd5 Qxd5 4. Nf3 e5 5. Bb5+ Bd7 6. Bxd7+ Nxd7 7. d4 Qe4+
8. Be3 cxd4 9. cxd4 exd4 10. Qxd4 Bb4+ 11. Nc3 Ngf6 12. O-O Bxc3 13. Qxc3 O-O
14. Rfe1 Rfc8 15. Qb3 Qc2 16. Qb4 Qc6 17. Rac1 Qa6 18. a3 b6 19. h3 Qb7 20.
Rcd1 Re8 21. Qd6 h6 22. Nd4 Rad8 23. Nc6 Ra8 24. Ne7+ Kh8 25. Bd4 Rab8 26. Rc1
Ne4 27. Qxh6# 1-0

[Event "Summer Prague Open 2019 - B"]
[Site "Olympik hotel, Sokolovska 138,"]
[Date "2019.08.06"]
[Round "6"]
[White "Tesar, Jakub"]
[Black "Grabarczyk, Sylwester"]
[Result "0-1"]
[WhiteElo "1627"]
[BlackElo "1784"]
[PlyCount "118"]
[EventDate "2019.08.02"]

1. e4 Nc6 2. Nf3 e5 3. d4 exd4 4. Nxd4 Bb4+ 5. c3 Bc5 6. Be3 Nxd4 7. Bxd4 Bxd4
8. cxd4 Qe7 9. Qe2 d6 10. Nc3 Nf6 11. g3 h5 12. h4 a6 13. Bg2 Rb8 14. O-O Bg4
15. Bf3 O-O 16. Rac1 Rfc8 17. Rfe1 Qd7 18. Rc2 Re8 19. Qd3 b5 20. b4 Bf5 21.
Qd2 Bg6 22. Rcc1 Qh3 23. Qf4 Re7 24. Bg2 Qd7 25. Re2 Rbe8 26. Rce1 Qc6 27. Qf3
Qc4 28. a3 Qxd4 29. Qe3 Qxe3 30. Rxe3 c5 31. f3 d5 32. R3e2 d4 33. Nd1 c4 34.
Nf2 d3 35. Rd2 Nd5 36. Bh3 Nc3 37. Kg2 f5 38. Rc1 Ne2 39. Rxe2 dxe2 40. exf5
Bxf5 41. Re1 Bxh3+ 42. Nxh3 c3 43. Kf2 c2 44. Nf4 c1=Q 45. Rxc1 e1=Q+ 46. Rxe1
Rxe1 47. Kg2 Ra1 48. Nxh5 Rxa3 49. Nf4 Ree3 50. Nd5 Rxf3 51. g4 Rg3+ 52. Kf2
Rxg4 53. h5 Rd4 54. Ne7+ Kf7 55. Nc6 Rd2+ 56. Ke1 Rh2 57. Ne5+ Ke6 58. Nd3 Ra1+
59. Nc1 Rxc1# 0-1

[Event "Summer Prague Open 2019 - A"]
[Site "Olympik hotel, Sokolovska 138,"]
[Date "2019.08.07"]
[Round "7"]
[White "Qashashvili, Alexandre"]
[Black "Koustav, Chatterjee"]
[Result "1-0"]
[WhiteElo "2497"]
[BlackElo "2429"]
[PlyCount "79"]
[EventDate "2019.08.02"]

1. e4 e5 2. Nf3 Nc6 3. Bc4 Bc5 4. c3 Nf6 5. d3 O-O 6. b4 Be7 7. Bb3 a6 8. Nbd2
d5 9. Qc2 Re8 10. O-O Bf8 11. a3 h6 12. Re1 dxe4 13. dxe4 Nh5 14. Nc4 Bg4 15.
Nfd2 Nf4 16. f3 Bh3 17. Ne3 Qg5 18. Ndf1 Rad8 19. Kh1 Nd3 20. Rd1 Nxc1 21.
Raxc1 Be6 22. Bd5 Bc8 23. Qa2 Qf6 24. Qc4 Bd7 25. Rd2 Bd6 26. Rcd1 b5 27. Qa2
Rb8 28. Ng3 g6 29. Ng4 Bxg4 30. fxg4 Nd8 31. Rf1 Qg7 32. Rdf2 Rf8 33. Rf6 Rb6
34. c4 bxc4 35. Bxc4 Bc5 36. Rxb6 Bxb6 37. Bxa6 Ne6 38. Bc4 Ng5 39. a4 Be3 40.
Bd5 1-0

[Event "Summer Prague Open 2019 - A"]
[Site "Olympik hotel, Sokolovska 138,"]
[Date "2019.08.07"]
[Round "7"]
[White "Sorm, Daniel"]
[Black "Barua, Dibyendu"]
[Result "0-1"]
[WhiteElo "2282"]
[BlackElo "2379"]
[PlyCount "126"]
[EventDate "2019.08.02"]

1. d4 d5 2. c4 e6 3. Nc3 Be7 4. e3 Nf6 5. cxd5 exd5 6. Bd3 O-O 7. Nge2 Re8 8.
O-O Nbd7 9. Bd2 Nf8 10. a3 c6 11. b4 a6 12. f3 Ne6 13. Qe1 a5 14. Rb1 axb4 15.
axb4 Bd6 16. Qf2 Qe7 17. Ng3 Nf8 18. e4 dxe4 19. fxe4 Ng4 20. Qf3 Qh4 21. h3
Qxg3 22. Qxg3 Bxg3 23. hxg4 Bxg4 24. Bf4 Ra3 25. Rbc1 Bxf4 26. Rxf4 Bh5 27. Bc4
Ne6 28. Rf5 Bg6 29. Bxe6 fxe6 30. Rc5 Rd8 31. d5 exd5 32. exd5 Be8 33. b5 Ra5
34. Ne4 cxd5 35. Ng5 h6 36. Ne6 Rd6 37. Nd4 Bd7 38. Re1 Ra4 39. Rd1 Rc4 40. Nf5
Rxc5 41. Nxd6 b6 42. Ra1 Bxb5 43. Ra8+ Kh7 44. Rb8 d4 45. Rxb6 Bc6 46. Rb2 Rd5
47. Nc4 d3 48. Rd2 Bb5 49. Ne3 Re5 50. Kf2 h5 51. Kf3 g6 52. Kf4 Re6 53. Rb2
Bc6 54. Rb4 g5+ 55. Kxg5 Rxe3 56. Rd4 Bxg2 57. Kxh5 Be4 58. Kg5 Re2 59. Rd7+
Kg8 60. Kf6 d2 61. Rd8+ Kh7 62. Rd7+ Kh6 63. Rd4 Rf2+ 0-1

[Event "Summer Prague Open 2019 - A"]
[Site "Olympik hotel, Sokolovska 138,"]
[Date "2019.08.07"]
[Round "7"]
[White "Dushyant, Sharma"]
[Black "Ondersteijn, Niels"]
[Result "0-1"]
[WhiteElo "2228"]
[BlackElo "2397"]
[PlyCount "96"]
[EventDate "2019.08.02"]

1. e4 e5 2. Nf3 d6 3. d4 exd4 4. Nxd4 g6 5. Nc3 Bg7 6. Be3 Nf6 7. Qd2 O-O 8.
O-O-O Nc6 9. f3 Nxd4 10. Bxd4 Be6 11. Kb1 c5 12. Be3 b5 13. Bh6 b4 14. Nd5 Bxd5
15. exd5 Re8 16. Bb5 Re5 17. Bc6 Bxh6 18. Qxh6 Rc8 19. Rhe1 Rxe1 20. Rxe1 Rc7
21. Qe3 Kf8 22. Qh6+ Kg8 23. Qe3 Kg7 24. h4 Ng8 25. Qf2 Re7 26. Rd1 Re5 27. f4
Qf6 28. Qf3 Re7 29. h5 Nh6 30. hxg6 fxg6 31. Rh1 Qh4 32. g3 Re3 33. Qf1 Qxg3
34. b3 Nf5 35. Rg1 Rf3 36. Qd1 Qxf4 37. Bb5 Ne3 38. Qc1 Nxd5 39. Bc6 Nc3+ 40.
Kb2 Qd4 41. Bxf3 Ne2+ 42. Kb1 Nxc1 43. Rxc1 g5 44. Rd1 Qf4 45. Bd5 g4 46. Re1
Qd2 47. Re7 Kf6 48. Rxf7+ Kg6 0-1

[Event "Summer Prague Open 2019 - A"]
[Site "Olympik hotel, Sokolovska 138,"]
[Date "2019.08.07"]
[Round "7"]
[White "Paulus, Vaclav"]
[Black "Domogaev, Sergey"]
[Result "0-1"]
[WhiteElo "1963"]
[BlackElo "2336"]
[PlyCount "62"]
[EventDate "2019.08.02"]

1. d4 Nf6 2. c4 e6 3. Nf3 d5 4. g3 Bb4+ 5. Bd2 Be7 6. Bg2 O-O 7. Qc2 Nbd7 8.
O-O c6 9. Nc3 b6 10. e4 Ba6 11. e5 Ne8 12. b3 b5 13. cxd5 cxd5 14. Rfe1 b4 15.
Nd1 Rc8 16. Qb1 Nc7 17. Bf1 Bxf1 18. Kxf1 Nb5 19. Qd3 Qb6 20. a4 bxa3 21. Ne3
f5 22. exf6 Nxf6 23. Nf5 exf5 24. Rxe7 Ne4 25. Bf4 Rfe8 26. Rxe8+ Rxe8 27. Bc1
Rc8 28. Bxa3 Rc3 29. Qd1 Rxf3 30. Bc5 Rxf2+ 31. Ke1 Qh6 0-1

[Event "Summer Prague Open 2019 - A"]
[Site "Olympik hotel, Sokolovska 138,"]
[Date "2019.08.07"]
[Round "7"]
[White "Mikes, Jan"]
[Black "Adrian, Claude"]
[Result "1/2-1/2"]
[WhiteElo "2386"]
[BlackElo "2258"]
[PlyCount "47"]
[EventDate "2019.08.02"]

1. e4 e6 2. d4 d5 3. Nc3 Bb4 4. e5 Ne7 5. a3 Bxc3+ 6. bxc3 b6 7. a4 Ba6 8. Bxa6
Nxa6 9. Qd3 Nb8 10. Nf3 Nd7 11. h4 c5 12. h5 h6 13. Ba3 Qc7 14. O-O Rc8 15. a5
O-O 16. axb6 axb6 17. c4 Rfd8 18. cxd5 Nxd5 19. c4 Ne7 20. Qe4 Nc6 21. dxc5
Nxc5 22. Bxc5 bxc5 23. Rfd1 Nd4 24. Nxd4 1/2-1/2

[Event "Summer Prague Open 2019 - A"]
[Site "Olympik hotel, Sokolovska 138,"]
[Date "2019.08.07"]
[Round "7"]
[White "Hrdina, Robin"]
[Black "Plischki, Sebastian"]
[Result "0-1"]
[WhiteElo "2229"]
[BlackElo "2391"]
[PlyCount "110"]
[EventDate "2019.08.02"]

1. e4 c5 2. c3 d5 3. exd5 Qxd5 4. d4 Nf6 5. Nf3 Bg4 6. Be2 cxd4 7. cxd4 e6 8.
Nc3 Qa5 9. O-O Nc6 10. h3 Bh5 11. d5 Nxd5 12. Nxd5 Qxd5 13. Qa4 a6 14. Rd1 Qa5
15. Qf4 Be7 16. Bd2 Qb6 17. Ne5 Bg6 18. Nc4 Qd4 19. Qc7 O-O 20. Qxb7 Qe4 21.
Bf3 Qxc4 22. Bxc6 Bf6 23. b3 Qc2 24. Rac1 Qxa2 25. Bf4 h6 26. Qb4 Rac8 27. Rd2
Bb2 28. Qd4 Bxd4 29. Rxa2 e5 30. Bd2 Rfd8 31. Bb7 Rxc1+ 32. Bxc1 Bd3 33. Be3
Rd6 34. Rd2 Bb5 35. Rc2 g5 36. Bd2 Kg7 37. Bb4 Rb6 38. Be4 Bd7 39. Rc7 Rxb4 40.
Rxd7 Bxf2+ 41. Kxf2 Rxe4 42. Rb7 Rf4+ 43. Ke3 Kg6 44. Ra7 Rf6 45. Ke4 Re6 46.
g4 f6 47. Ra8 Rb6 48. Rg8+ Kf7 49. Ra8 Rxb3 50. Ra7+ Kg6 51. Kd5 Rxh3 52. Ke6
Rb3 53. Rxa6 Rb4 54. Ra8 Rxg4 55. Rg8+ Kh5 0-1

[Event "Summer Prague Open 2019 - A"]
[Site "Olympik hotel, Sokolovska 138,"]
[Date "2019.08.07"]
[Round "7"]
[White "Vokac, Marek"]
[Black "Abrahams, Daniel"]
[Result "0-1"]
[WhiteElo "2319"]
[BlackElo "2173"]
[PlyCount "120"]
[EventDate "2019.08.02"]

1. Nf3 c5 2. b3 Nf6 3. Bb2 e6 4. g3 b6 5. Bg2 Bb7 6. O-O Be7 7. c4 Qc7 8. Nc3
a6 9. e4 d6 10. d4 cxd4 11. Qxd4 O-O 12. Rad1 Nbd7 13. Rfe1 Rfd8 14. Qe3 Rab8
15. Nd4 Re8 16. h3 Ne5 17. Qe2 Ng6 18. h4 Ne5 19. h5 h6 20. Bh3 Bf8 21. Nc2
Ned7 22. Bg2 Ba8 23. Nb4 Bb7 24. Nd3 Ba8 25. Nf4 Bc6 26. Rc1 Qb7 27. b4 b5 28.
cxb5 axb5 29. a3 Ne5 30. Nb1 Nfd7 31. Nd2 Rec8 32. Nd3 Nxd3 33. Qxd3 Nb6 34.
Bd4 Ra8 35. Qe3 Nd7 36. f4 Ra6 37. Bb2 Nb6 38. Bf1 d5 39. exd5 exd5 40. Qf2 Nc4
41. Nb3 Bd7 42. Kh2 Qa8 43. Bg2 Nxb2 44. Qxb2 Rxa3 45. Rxc8 Bxc8 46. Na5 Ra4
47. Re8 Qa6 48. Qc3 Bd7 49. Rd8 Qd6 50. Nb7 Qe7 51. Qc5 Qxd8 52. Nxd8 Bxc5 53.
bxc5 Rc4 54. Bxd5 Rxc5 55. Bxf7+ Kf8 56. Bg6 b4 57. Nb7 Rd5 58. Be4 Rxh5+ 59.
Kg2 Ke7 60. Kf2 b3 0-1

[Event "Summer Prague Open 2019 - A"]
[Site "Olympik hotel, Sokolovska 138,"]
[Date "2019.08.07"]
[Round "7"]
[White "Singh, S. Vikramjit"]
[Black "Serrano Salvador, Eduardo"]
[Result "1-0"]
[WhiteElo "2185"]
[BlackElo "2306"]
[PlyCount "55"]
[EventDate "2019.08.02"]

1. d4 d5 2. c4 c6 3. Nf3 Nf6 4. Nc3 e6 5. e3 Nbd7 6. Qc2 Bd6 7. b3 O-O 8. Bd3
Re8 9. O-O e5 10. cxd5 cxd5 11. Nb5 Bb8 12. dxe5 Nxe5 13. Nxe5 Rxe5 14. Bb2 Rh5
15. f4 Ng4 16. h3 Nh6 17. Bxh7+ Kh8 18. Bg6 Bf5 19. Bxf5 Nxf5 20. Rac1 Qb6 21.
Qe2 Rh6 22. Rc8+ Kh7 23. Nd4 Bxf4 24. Rxf4 Rxc8 25. Nxf5 Qg6 26. Nxh6 Rc2 27.
Qf3 Rxb2 28. Nxf7 1-0

[Event "Summer Prague Open 2019 - A"]
[Site "Olympik hotel, Sokolovska 138,"]
[Date "2019.08.07"]
[Round "7"]
[White "Doric, Nenad"]
[Black "Breivik, Lars"]
[Result "1/2-1/2"]
[WhiteElo "2275"]
[BlackElo "2158"]
[PlyCount "56"]
[EventDate "2019.08.02"]

1. d4 g6 2. c4 Bg7 3. Nc3 d6 4. e4 Nc6 5. d5 Nd4 6. Be3 e5 7. Nge2 Nxe2 8. Bxe2
f5 9. exf5 Bxf5 10. h4 h5 11. Bd3 Bf6 12. Qc2 Qd7 13. Ne4 Be7 14. Bg5 O-O-O 15.
O-O-O Kb8 16. f3 Rf8 17. Kb1 Qd8 18. Bxe7 Nxe7 19. Ng5 Qd7 20. Be4 Rf6 21. c5
Rc8 22. c6 bxc6 23. dxc6 Qxc6 24. Qd2 Qb7 25. Ka1 c6 26. Nh7 Re6 27. Ng5 Rf6
28. Nh7 Re6 1/2-1/2

[Event "Summer Prague Open 2019 - A"]
[Site "Olympik hotel, Sokolovska 138,"]
[Date "2019.08.07"]
[Round "7"]
[White "Slampa, Jan"]
[Black "Levi, Netanel"]
[Result "1-0"]
[WhiteElo "2245"]
[BlackElo "2143"]
[PlyCount "95"]
[EventDate "2019.08.02"]

1. c4 e5 2. Nc3 Bb4 3. Qc2 Nc6 4. e3 Nf6 5. Nd5 O-O 6. a3 Be7 7. Bd3 h6 8. Ne2
Nxd5 9. cxd5 Nb8 10. O-O c6 11. f4 d6 12. dxc6 Nxc6 13. b4 exf4 14. Nxf4 Bf6
15. Bb2 Bxb2 16. Qxb2 Qg5 17. Qb3 Bf5 18. Bc4 Ne7 19. Rf3 Bg4 20. Rf2 Rad8 21.
e4 b5 22. Bf1 a6 23. a4 Qe5 24. Re1 Be6 25. Qe3 Nc6 26. axb5 axb5 27. Qb6 Nxb4
28. d4 Qg5 29. d5 Bd7 30. Qxd6 Na2 31. Rxa2 Bg4 32. h4 Qxh4 33. Qb4 g5 34. Nd3
f5 35. Ra7 Bh5 36. e5 g4 37. Qe7 Qxe7 38. Rxe7 f4 39. d6 f3 40. gxf3 Rxf3 41.
Nf2 Bg6 42. Bg2 Rc3 43. Nxg4 b4 44. Nf6+ Kh8 45. Be4 Bxe4 46. Rxe4 Rg3+ 47. Kf2
Rg7 48. Rg4 1-0

[Event "Summer Prague Open 2019 - A"]
[Site "Olympik hotel, Sokolovska 138,"]
[Date "2019.08.07"]
[Round "7"]
[White "Jinsoo, Kim"]
[Black "Hjelmas, Lars"]
[Result "1/2-1/2"]
[WhiteElo "2112"]
[BlackElo "2240"]
[PlyCount "81"]
[EventDate "2019.08.02"]

1. e4 e6 2. d4 d5 3. Nc3 Bb4 4. e5 c5 5. a3 Bxc3+ 6. bxc3 Qa5 7. Bd2 Qa4 8. Qg4
g6 9. Nf3 Nc6 10. Be2 c4 11. Ra2 Bd7 12. O-O h6 13. Qh4 Rh7 14. Rb1 b6 15. h3
Rg7 16. Nh2 g5 17. Qg3 Qa5 18. Nf1 O-O-O 19. a4 f6 20. exf6 Nxf6 21. Bf3 Rdg8
22. Qd6 h5 23. g4 hxg4 24. hxg4 Rf7 25. Qg3 Ne8 26. Bg2 Rgf8 27. Bxg5 Rxf2 28.
Bh6 Rxg2+ 29. Kxg2 Rg8 30. Qf3 e5 31. g5 e4 32. Qf7 Qxc3 33. Qxg8 Nxd4 34. Qf8
Qh3+ 35. Kg1 e3 36. Nxe3 Qxe3+ 37. Qf2 Ne2+ 38. Kf1 Ng3+ 39. Kg1 Ne2+ 40. Kf1
Ng3+ 41. Kg1 1/2-1/2

[Event "Summer Prague Open 2019 - A"]
[Site "Olympik hotel, Sokolovska 138,"]
[Date "2019.08.07"]
[Round "7"]
[White "Ahn, Hongjin"]
[Black "Beukes, Dante M"]
[Result "1-0"]
[WhiteElo "2238"]
[BlackElo "2130"]
[PlyCount "75"]
[EventDate "2019.08.02"]

1. c4 Nf6 2. Nc3 g6 3. e4 d6 4. d4 Bg7 5. h3 O-O 6. Be3 c5 7. Nf3 cxd4 8. Nxd4
b6 9. g4 Bb7 10. Bg2 Na6 11. O-O Nc5 12. Qc2 Rb8 13. Rad1 Nfd7 14. f4 a6 15.
Nde2 Qc7 16. Nd5 Bxd5 17. cxd5 Rbc8 18. Rc1 Qb8 19. Nd4 Bxd4 20. Bxd4 Ne6 21.
Bc3 Nd4 22. Qf2 Nb5 23. Bd2 Rxc1 24. Bxc1 Rc8 25. Be3 Rc4 26. b3 Rc7 27. f5 Ne5
28. Bxb6 Rc3 29. fxg6 hxg6 30. a4 Rc2 31. Qxc2 Qxb6+ 32. Qf2 Nd4 33. Rd1 Ne2+
34. Kf1 Qxf2+ 35. Kxf2 Nc3 36. Rd2 a5 37. Rc2 Nb1 38. Bf1 1-0

[Event "Summer Prague Open 2019 - A"]
[Site "Olympik hotel, Sokolovska 138,"]
[Date "2019.08.07"]
[Round "7"]
[White "Toman, Ondrej"]
[Black "Srinivasa Rao, M."]
[Result "1/2-1/2"]
[WhiteElo "2235"]
[BlackElo "2090"]
[PlyCount "140"]
[EventDate "2019.08.02"]

1. d4 Nf6 2. Bf4 g6 3. Nc3 d5 4. e3 Bg7 5. h4 c5 6. Nb5 Na6 7. c3 Bd7 8. a4 O-O
9. Nf3 Bg4 10. Be2 Ne4 11. O-O Re8 12. Ne5 Bxe2 13. Qxe2 f6 14. Nf3 e5 15. dxe5
fxe5 16. Bh2 c4 17. Na3 Nac5 18. Nxc4 dxc4 19. Qxc4+ Kh8 20. b4 Qd3 21. Qf7 Rf8
22. Qc7 Rac8 23. Qe7 Qd7 24. Qxd7 Nxd7 25. Rfd1 Rf7 26. Rac1 Rxc3 27. Ng5 Nxg5
28. Rxc3 Ne6 29. Rcd3 Nef8 30. e4 Kg8 31. f3 Re7 32. Kf1 Kf7 33. Bg1 a6 34. Be3
Bf6 35. g3 Ke8 36. Rd6 Rf7 37. R6d3 Be7 38. Bd2 Nb6 39. a5 Nc4 40. Bc3 Rf6 41.
Ke2 Rc6 42. Rd5 Bd6 43. b5 axb5 44. Rxb5 Bc7 45. Rxb7 Nxa5 46. Rxc7 Rxc7 47.
Bxa5 Rc2+ 48. Ke3 Nd7 49. f4 Ra2 50. Bb4 Rb2 51. Bc3 Rb3 52. Kd3 Ra3 53. Kc4
Nf6 54. Bxe5 Nxe4 55. Re1 Nd2+ 56. Kd5 Kf7 57. g4 Rd3+ 58. Kc5 Nf3 59. Rb1 Nxe5
60. fxe5 Ke6 61. Rb7 h5 62. Rg7 hxg4 63. Rxg6+ Kxe5 64. Rxg4 Rc3+ 65. Kb4 Rh3
66. Kc4 Kf5 67. Rd4 Kg6 68. Kd5 Kh5 69. Ke5 Rxh4 70. Rd8 Ra4 1/2-1/2

[Event "Summer Prague Open 2019 - A"]
[Site "Olympik hotel, Sokolovska 138,"]
[Date "2019.08.07"]
[Round "7"]
[White "Skalsky, Alexandr"]
[Black "Neuman, Petr"]
[Result "1/2-1/2"]
[WhiteElo "2128"]
[BlackElo "2392"]
[PlyCount "38"]
[EventDate "2019.08.02"]

1. e4 c6 2. d4 d5 3. exd5 cxd5 4. c4 Nf6 5. Nc3 Nc6 6. Nf3 Bg4 7. cxd5 Nxd5 8.
Qb3 Bxf3 9. gxf3 e6 10. Qxb7 Nxd4 11. Bb5+ Nxb5 12. Qc6+ Ke7 13. Qxb5 Nxc3 14.
bxc3 Qd5 15. Bg5+ f6 16. Qxd5 exd5 17. Be3 Rc8 18. Kd2 Rc7 19. Rab1 Kf7 1/2-1/2

[Event "Summer Prague Open 2019 - A"]
[Site "Olympik hotel, Sokolovska 138,"]
[Date "2019.08.07"]
[Round "7"]
[White "Brejnik, Gustav"]
[Black "Tesar, Jan"]
[Result "1-0"]
[WhiteElo "2190"]
[BlackElo "2038"]
[PlyCount "87"]
[EventDate "2019.08.02"]

1. d4 d5 2. c4 Nc6 3. Nc3 dxc4 4. Nf3 Bg4 5. d5 Bxf3 6. exf3 Ne5 7. Bf4 Nd3+ 8.
Bxd3 cxd3 9. Nb5 e5 10. Bxe5 Bb4+ 11. Kf1 Kf8 12. Qxd3 Bd6 13. Nxd6 cxd6 14.
Qa3 Nf6 15. Bxd6+ Kg8 16. Rd1 Qd7 17. Rd3 h5 18. Ke2 Re8+ 19. Kd2 h4 20. Rd1
Rh5 21. Kc1 a6 22. Kb1 Re2 23. Bc5 Qf5 24. Qb3 Qe5 25. Be3 Qxh2 26. Qxb7 Qxg2
27. Qxa6 h3 28. Rd4 Rxe3 29. fxe3 h2 30. Qc8+ Kh7 31. Qc2+ Qxc2+ 32. Kxc2 h1=Q
33. Rxh1 Rxh1 34. e4 Rf1 35. e5 Rf2+ 36. Kc1 Rf1+ 37. Kd2 Rf2+ 38. Ke3 Rxb2 39.
exf6 Rxa2 40. d6 Ra8 41. d7 Rd8 42. Ke4 gxf6 43. Kf5 Kg7 44. Rd6 1-0

[Event "Summer Prague Open 2019 - A"]
[Site "Olympik hotel, Sokolovska 138,"]
[Date "2019.08.07"]
[Round "7"]
[White "Ptacnikova, Lenka"]
[Black "Molkanov, Oleg"]
[Result "1-0"]
[WhiteElo "2089"]
[BlackElo "2185"]
[PlyCount "71"]
[EventDate "2019.08.02"]

1. Nf3 f5 2. g3 Nf6 3. Bg2 g6 4. c4 Bg7 5. d4 O-O 6. b4 d6 7. Bb2 Ne4 8. Qb3
Qe8 9. Nc3 Nxc3 10. Bxc3 h6 11. c5+ Kh7 12. cxd6 exd6 13. d5 Bxc3+ 14. Qxc3 Na6
15. Nd4 Qa4 16. a3 Bd7 17. O-O Rac8 18. Rae1 c5 19. dxc6 bxc6 20. Bxc6 Bxc6 21.
Nxc6 Nb8 22. b5 a6 23. Qe3 Nxc6 24. bxc6 Rfe8 25. Qa7+ Kg8 26. Rb1 Qxc6 27. Rb7
Qc3 28. Qxa6 Rc6 29. Qb5 Re5 30. Rb8+ Kf7 31. Qb7+ Rc7 32. Qa8 Rxe2 33. Rg8 Kf6
34. Qf8+ Kg5 35. Qxd6 Rc6 36. Rxg6+ 1-0

[Event "Summer Prague Open 2019 - A"]
[Site "Olympik hotel, Sokolovska 138,"]
[Date "2019.08.07"]
[Round "7"]
[White "Jansen, Bob"]
[Black "Vrecion, Jiri"]
[Result "1-0"]
[WhiteElo "2148"]
[BlackElo "2019"]
[PlyCount "59"]
[EventDate "2019.08.02"]

1. d4 Nf6 2. Bg5 d5 3. Bxf6 gxf6 4. c4 Bf5 5. Nc3 dxc4 6. e4 Bg6 7. Bxc4 c6 8.
Nge2 e5 9. O-O Be7 10. Qd3 Nd7 11. Rad1 a6 12. a4 O-O 13. f4 b5 14. Ba2 exd4
15. Nxd4 b4 16. Nce2 Nc5 17. Qe3 Qc7 18. Ng3 Bd6 19. Ndf5 Bxf5 20. Nxf5 Rfd8
21. Qg3+ Kf8 22. Qg7+ Ke8 23. Qg8+ Kd7 24. Rxd6+ Kc8 25. Rxd8+ Qxd8 26. Qxf7
Nxa4 27. Re1 Qb6+ 28. Kh1 Ra7 29. Be6+ Kb8 30. Qe8+ 1-0

[Event "Summer Prague Open 2019 - A"]
[Site "Olympik hotel, Sokolovska 138,"]
[Date "2019.08.07"]
[Round "7"]
[White "Chudinovskikh, Alexander M"]
[Black "Lacina, Filip"]
[Result "0-1"]
[WhiteElo "2145"]
[BlackElo "2012"]
[PlyCount "78"]
[EventDate "2019.08.02"]

1. e4 c6 2. Nf3 d5 3. Nc3 Bg4 4. h3 Bh5 5. exd5 cxd5 6. g4 Bg6 7. h4 Nc6 8. h5
Be4 9. d3 Bxf3 10. Qxf3 e6 11. a3 Rc8 12. Bd2 Bc5 13. Bg2 Nd4 14. Qd1 h6 15.
Rc1 b5 16. Ne2 Ne7 17. c3 Ndc6 18. b4 Bd6 19. g5 hxg5 20. Bxg5 f6 21. Bd2 Nf5
22. Nf4 Bxf4 23. Bxf4 O-O 24. d4 Kh8 25. Bh3 Nce7 26. Qe2 e5 27. dxe5 fxe5 28.
Bg5 Rc4 29. O-O Qc7 30. Rfe1 e4 31. Qd2 e3 32. fxe3 Nh4 33. Bxh4 Rxh4 34. Qg2
Qe5 35. Bg4 Rxg4 36. Qxg4 Rf5 37. Qh4 Rg5+ 38. Kf2 Qf6+ 39. Ke2 Rg2+ 0-1

[Event "Summer Prague Open 2019 - A"]
[Site "Olympik hotel, Sokolovska 138,"]
[Date "2019.08.07"]
[Round "7"]
[White "Slacky, Stanislav"]
[Black "Hoke, Petr"]
[Result "1/2-1/2"]
[WhiteElo "2134"]
[BlackElo "1954"]
[PlyCount "46"]
[EventDate "2019.08.02"]

1. b3 e5 2. Bb2 Nc6 3. e3 Nf6 4. Bb5 Bd6 5. Nh3 a6 6. Be2 O-O 7. O-O Qe7 8. c4
e4 9. f4 exf3 10. Bxf3 Ne5 11. d4 Nxf3+ 12. Qxf3 Qe4 13. Nc3 Qh4 14. c5 Be7 15.
Nf4 d6 16. Ncd5 Nxd5 17. Nxd5 Bd8 18. cxd6 cxd6 19. Ba3 Qh6 20. Rac1 Bd7 21.
Nf4 Bc6 22. d5 Bb5 23. Rf2 Bb6 1/2-1/2